Normal view
MARC view
- الوسائل التعليمية-تكنولوجيا التعليم
Entry Topical Term
001 - CONTROL NUMBER
- control field: 22565
003 - CONTROL NUMBER IDENTIFIER
- control field: JO-AjAnu
005 - DATE AND TIME OF LATEST TRANSACTION
- control field: 20230606073907.0
008 - FIXED-LENGTH DATA ELEMENTS
- fixed length control field: 230606|| aca||aabn | a|a d
040 ## - CATALOGING SOURCE
- Original cataloging agency: JO-AjAnu
- Transcribing agency: JO-AjAnu
150 ## - HEADING--TOPICAL TERM
- Topical term or geographic name entry element: الوسائل التعليمية-تكنولوجيا التعليم
670 ## - SOURCE DATA FOUND
- Source citation: Work cat.: (JO-AjAnu)11598: حسنين،حسين محمد, author 22564, تطوير المواد التعليمية:الرزمة التدريبية للمعلمين في الوطن العربي 6